[Event "Sharjah Masters-B 8th"]
[Site "Sharjah"]
[Date "2025.05.19"]
[Round "3"]
[White "Mayank, Chakraborty"]
[Black "Yurasov, Matfey"]
[Result "1-0"]
[WhiteElo "2436"]
[BlackElo "2354"]
[PlyCount "59"]
[EventDate "2025.05.17"]
[EventType "swiss"]
[EventRounds "9"]
[EventCountry "UAE"]
[SourceTitle "CB22_2025"]
[SourceDate "2025.05.28"]
[SourceVersion "1"]
[SourceVersionDate "2025.05.28"]
[SourceQuality "1"]

1. e4 c5 2. Nf3 e6 3. c3 Nf6 4. e5 Nd5 5. d4 cxd4 6. cxd4 d6 7. Bc4 dxe5 8. dxe5 Be7 9. 0-0 0-0 10. Qe2 Bd7 11. Rd1 Bc6 12. Nd4 Qc7 13. Bxd5 Bxd5 14. Nc3 Rd8 15. Ndb5 Qd7 16. Bf4 a6 17. Nd6 Bxd6 18. Nxd5 exd5 19. exd6 Qf5 20. Qf3 Qf6 21. Rxd5 Nc6 22. Rad1 Rd7 23. Qh3 Qe6 24. Qc3 Re8 25. h3 f6 26. Bg3 Qf7 27. a3 Re6 28. b4 Re2 29. Rc5 Qe6 30. a4 1-0

[Event "Moscow Ivi GP op"]
[Site "Moscow"]
[Date "2025.03.14"]
[Round "10"]
[White "Yurasov, Matfey"]
[Black "Gilfanov, Marat I"]
[Result "1/2-1/2"]
[WhiteElo "2271"]
[BlackElo "2376"]
[PlyCount "151"]
[EventDate "2025.03.08"]
[EventType "swiss"]
[EventRounds "10"]
[EventCountry "RUS"]
[SourceTitle "CB12_2025"]
[SourceDate "2025.03.19"]
[SourceVersion "1"]
[SourceVersionDate "2025.03.19"]
[SourceQuality "1"]

1. Nf3 Nf6 2. g3 b5 3. Bg2 Bb7 4. 0-0 e6 5. d3 Be7 6. e4 d6 7. a4 b4 8. a5 c5 9. Nbd2 0-0 10. c3 bxc3 11. bxc3 Nbd7 12. Re1 Rb8 13. Qc2 Qc7 14. Nc4 Ba6 15. Bf4 e5 16. Bg5 Rb7 17. Bxf6 Nxf6 18. Nfd2 Rfb8 19. Rf1 Bd8 20. f4 Qe7 21. Qd1 Bc7 22. Qf3 Qe6 23. h3 h6 24. Kh1 Rd8 25. Rfe1 Rb5 26. Re3 Bb7 27. a6 Bc6 28. fxe5 dxe5 29. Qd1 Rbb8 30. Kh2 Rd7 31. Qc2 Bb5 32. Bf1 Bxa6 33. Qa4 Bxc4 34. Nxc4 Bb6 35. Rb1 h5 36. Rf3 h4 37. g4 Nh7 38. Kg2 Nf8 39. Ne3 Ng6 40. Nd5 Rbd8 41. Qc4 Rxd5 42. exd5 Qxd5 43. Qxd5 Rxd5 44. Rb5 Rd7 45. c4 f6 46. Re3 Kf7 47. Kf2 Ke6 48. Bg2 Nf4 49. Rb3 g6 50. Bf1 f5 51. g5 Kd6 52. Rb1 Ne6 53. Rbe1 Ba5 54. Ra1 Bc3 55. Ra6+ Ke7 56. Re2 Bd4+ 57. Ke1 Bc3+ 58. Kf2 Bd4+ 59. Ke1 Nxg5 60. Rxg6 Rb7 61. Ra2 Ne6 62. Bg2 Rb1+ 63. Kd2 Rb2+ 64. Rxb2 Bxb2 65. Bd5 Nf4 66. Rh6 Nxh3 67. Rxh4 Nf4 68. Rh6 a5 69. Ra6 Ba3 70. Bg8 Bb4+ 71. Ke3 Ng2+ 72. Ke2 Nf4+ 73. Ke3 Ng2+ 74. Ke2 Nf4+ 75. Ke3 Ng2+ 76. Kf3 1/2-1/2

[Event "Moscow Ivi GP op"]
[Site "Moscow"]
[Date "2025.03.12"]
[Round "8"]
[White "Tologontegin, Semetey"]
[Black "Yurasov, Matfey"]
[Result "1-0"]
[WhiteElo "2359"]
[BlackElo "2271"]
[PlyCount "109"]
[EventDate "2025.03.08"]
[EventType "swiss"]
[EventRounds "10"]
[EventCountry "RUS"]
[SourceTitle "CB12_2025"]
[SourceDate "2025.03.19"]
[SourceVersion "1"]
[SourceVersionDate "2025.03.19"]
[SourceQuality "1"]

1. d4 Nf6 2. Nf3 g6 3. Nbd2 Bg7 4. e4 d6 5. Bb5+ c6 6. Bd3 0-0 7. 0-0 Qc7 8. a4 c5 9. c3 cxd4 10. cxd4 Nc6 11. Ra3 d5 12. e5 Nh5 13. Nb3 f6 14. exf6 exf6 15. h3 Nb4 16. Bb1 a5 17. Nc5 b6 18. Nd3 Ba6 19. Rc3 Qd6 20. Re1 Rfe8 21. Nxb4 axb4 22. Rce3 Rxe3 23. Bxe3 Bf8 24. Nd2 Ng7 25. Ba2 Kh8 26. Qf3 Rd8 27. g4 Qc6 28. Bb3 Bb7 29. Bh6 Qd6 30. Nf1 Kg8 31. Ng3 Kh8 32. Nf1 Bc6 33. Ne3 Qe6 34. Nc2 Qf7 35. Bg5 Ne8 36. Bd2 Nc7 37. Bxb4 Ne6 38. Bxf8 Rxf8 39. Qc3 Qd7 40. Nb4 Bb7 41. Qe3 Re8 42. Nd3 Bc6 43. Nb4 Bxa4 44. Bxa4 Qxa4 45. Nxd5 Nc7 46. Ne7 g5 47. Qc3 Qd7 48. Nf5 Nd5 49. Rxe8+ Qxe8 50. Qf3 Nf4 51. Kh2 Qb8 52. Qc6 Qd8 53. Qb7 Qf8 54. d5 h5 55. d6 1-0

[Event "Moscow Ivi GP op"]
[Site "Moscow"]
[Date "2025.03.12"]
[Round "7"]
[White "Yurasov, Matfey"]
[Black "Suleymenov, Alisher"]
[Result "1/2-1/2"]
[WhiteElo "2271"]
[BlackElo "2484"]
[PlyCount "74"]
[EventDate "2025.03.08"]
[EventType "swiss"]
[EventRounds "10"]
[EventCountry "RUS"]
[SourceTitle "CB12_2025"]
[SourceDate "2025.03.19"]
[SourceVersion "1"]
[SourceVersionDate "2025.03.19"]
[SourceQuality "1"]

1. Nf3 d5 2. g3 g6 3. Bg2 Bg7 4. d4 Nf6 5. 0-0 0-0 6. c4 c6 7. Qa4 Nbd7 8. cxd5 Nb6 9. Qb3 Qxd5 10. Qd1 Qh5 11. Nc3 Bh3 12. a4 Ng4 13. Nh4 Bxg2 14. Kxg2 e5 15. dxe5 Qxe5 16. h3 Nf6 17. Nf3 Qe7 18. a5 Nbd5 19. Nxd5 Nxd5 20. Ra4 b5 21. axb6 axb6 22. Rc4 Qe6 23. Qc2 c5 24. Bd2 Ra2 25. Rb1 Re8 26. e4 Nf6 27. e5 Nd7 28. Re4 b5 29. Rd1 Qf5 30. g4 Rxb2 31. Qd3 Rb3 32. Qxb3 Qxe4 33. Qxb5 Qd5 34. Qa4 Ra8 35. Bf4 Rxa4 36. Rxd5 Rxf4 37. Rxd7 h6 1/2-1/2

[Event "Moscow Ivi GP op"]
[Site "Moscow"]
[Date "2025.03.11"]
[Round "6"]
[White "Triapishko, Alexandr"]
[Black "Yurasov, Matfey"]
[Result "1/2-1/2"]
[WhiteElo "2474"]
[BlackElo "2271"]
[PlyCount "43"]
[EventDate "2025.03.08"]
[EventType "swiss"]
[EventRounds "10"]
[EventCountry "RUS"]
[SourceTitle "CB12_2025"]
[SourceDate "2025.03.19"]
[SourceVersion "1"]
[SourceVersionDate "2025.03.19"]
[SourceQuality "1"]

1. c4 c5 2. Nc3 Nc6 3. Nf3 g6 4. e3 Bg7 5. d4 d6 6. d5 Ne5 7. Nxe5 Bxe5 8. e4 Nf6 9. Bd3 0-0 10. 0-0 e6 11. dxe6 Bxe6 12. f4 Bd4+ 13. Kh1 Ng4 14. Qe1 Bxc3 15. Qxc3 Qh4 16. h3 Nf2+ 17. Rxf2 Qxf2 18. f5 Bd7 19. Bh6 f6 20. Rf1 Qh4 21. Bxf8 Rxf8 22. Bc2 1/2-1/2

[Event "Moscow Ivi GP op"]
[Site "Moscow"]
[Date "2025.03.11"]
[Round "6"]
[White "Yurasov, Matfey"]
[Black "Orozbaev, Eldiar"]
[Result "1-0"]
[WhiteElo "2271"]
[BlackElo "2395"]
[PlyCount "43"]
[EventDate "2025.03.08"]
[EventType "swiss"]
[EventRounds "10"]
[EventCountry "RUS"]
[SourceTitle "CB12_2025"]
[SourceDate "2025.03.19"]
[SourceVersion "1"]
[SourceVersionDate "2025.03.19"]
[SourceQuality "1"]

1. Nf3 d5 2. g3 Nc6 3. d4 Bf5 4. Bg2 e6 5. 0-0 Nb4 6. Na3 c5 7. c3 Nc6 8. Qa4 Qd7 9. dxc5 Bxc5 10. b4 Bb6 11. c4 Nd4 12. Qxd7+ Kxd7 13. Bb2 Nxe2+ 14. Kh1 a5 15. cxd5 exd5 16. Rfe1 axb4 17. Rxe2 f6 18. Nc2 Bxc2 19. Rxc2 Rxa2 20. Rxa2 b3 21. Bh3+ Ke7 22. Rc4 1-0

[Event "Leninskiy Dokhoian Memorial Rapid"]
[Site "Leninskiy"]
[Date "2024.11.16"]
[Round "3"]
[White "Nesterov, Arseniy"]
[Black "Yurasov, Matfey"]
[Result "1/2-1/2"]
[WhiteElo "2599"]
[BlackElo "2299"]
[PlyCount "39"]
[EventDate "2024.11.16"]
[EventType "swiss (rapid)"]
[EventRounds "11"]
[EventCountry "RUS"]
[SourceTitle "CB47_2024"]
[SourceDate "2024.11.20"]
[SourceVersion "1"]
[SourceVersionDate "2024.11.20"]
[SourceQuality "1"]

1. d4 Nf6 2. c4 g6 3. Nc3 d5 4. e3 Bg7 5. cxd5 Nxd5 6. Bc4 Nb6 7. Bb3 0-0 8. Nf3 N8d7 9. h4 e5 10. h5 exd4 11. exd4 Re8+ 12. Kf1 Nf6 13. hxg6 hxg6 14. Bg5 Be6 15. Qc1 Bxb3 16. axb3 Nbd5 17. Bh6 Bh8 18. Bg5 Bg7 19. Bh6 Bh8 20. Bg5 1/2-1/2

[Event "Moscow Ivi GP"]
[Site "Moscow"]
[Date "2024.10.10"]
[Round "8"]
[White "Yurasov, Matfey"]
[Black "Ivanov, Oleg V"]
[Result "0-1"]
[WhiteElo "2285"]
[BlackElo "2398"]
[PlyCount "90"]
[EventDate "2024.10.05"]
[EventType "swiss"]
[EventRounds "10"]
[EventCountry "RUS"]
[SourceTitle "CB45_2024"]
[Source "ChessBase"]
[SourceDate "2024.11.06"]
[SourceVersion "1"]
[SourceVersionDate "2024.11.06"]
[SourceQuality "1"]

1. d4 d5 2. Nf3 Nf6 3. c4 c6 4. g3 g6 5. Bg2 Bg7 6. 0-0 0-0 7. Qa4 Nbd7 8. cxd5 Nb6 9. Qb3 Qxd5 10. Qd1 c5 11. Nc3 Qh5 12. dxc5 Qxc5 13. h3 Bf5 14. Be3 Qb4 15. Qb3 Qxb3 16. axb3 Nfd5 17. Bd4 Nxc3 18. bxc3 Be4 19. Ra5 Nd5 20. Bxg7 Kxg7 21. c4 Nf6 22. Nd4 Rfd8 23. e3 Bxg2 24. Kxg2 a6 25. f4 b6 26. Ra2 a5 27. Kf3 Nd7 28. Nc6 Re8 29. Rd1 Nc5 30. b4 axb4 31. Nxb4 Rxa2 32. Nxa2 Rc8 33. Nc3 Nb3 34. Nd5 Rxc4 35. Nxe7 b5 36. Rd8 b4 37. g4 Nc5 38. Rb8 b3 39. g5 f5 40. Nc6 Rc2 41. Nd4 Rb2 42. Kg3 Rb1 43. Rb5 b2 44. Kh4 Nd3 45. Rb7+ Kf8 0-1

[Event "Moscow Ivi GP"]
[Site "Moscow"]
[Date "2024.10.05"]
[Round "1"]
[White "Yurasov, Matfey"]
[Black "Erzhanov, Arman"]
[Result "1/2-1/2"]
[WhiteElo "2285"]
[BlackElo "2114"]
[PlyCount "50"]
[EventDate "2024.10.05"]
[EventType "swiss"]
[EventRounds "10"]
[EventCountry "RUS"]
[SourceTitle "CB45_2024"]
[Source "ChessBase"]
[SourceDate "2024.11.06"]
[SourceVersion "1"]
[SourceVersionDate "2024.11.06"]
[SourceQuality "1"]

1. d4 d5 2. Nf3 Nf6 3. c4 c6 4. g3 g6 5. Bg2 Bg7 6. 0-0 0-0 7. Qa4 Nbd7 8. cxd5 cxd5 9. Nc3 Nb6 10. Qb3 e6 11. Bf4 Nc4 12. Ne5 Nh5 13. Nxc4 dxc4 14. Qxc4 Nxf4 15. gxf4 Qxd4 16. Qxd4 Bxd4 17. Rfd1 Bxc3 18. bxc3 Rb8 19. a4 b6 20. a5 Ba6 21. Rd7 bxa5 22. Bf3 Bb5 23. Rxa7 a4 24. Rb1 Rfc8 25. Ra5 Bd7 1/2-1/2

[Event "Moscow Ivi GP"]
[Site "Moscow"]
[Date "2024.10.05"]
[Round "2"]
[White "Zakhartsov, Vladimir"]
[Black "Yurasov, Matfey"]
[Result "1-0"]
[WhiteElo "2496"]
[BlackElo "2285"]
[PlyCount "89"]
[EventDate "2024.10.05"]
[EventType "swiss"]
[EventRounds "10"]
[EventCountry "RUS"]
[SourceTitle "CB45_2024"]
[Source "ChessBase"]
[SourceDate "2024.11.06"]
[SourceVersion "1"]
[SourceVersionDate "2024.11.06"]
[SourceQuality "1"]

1. d4 Nf6 2. c4 g6 3. Nc3 d5 4. cxd5 Nxd5 5. e4 Nxc3 6. bxc3 Bg7 7. Bc4 c5 8. Ne2 cxd4 9. cxd4 Nc6 10. Be3 0-0 11. h4 Qa5+ 12. Kf1 h6 13. Bb3 e6 14. Qc1 Kh7 15. h5 g5 16. e5 f6 17. Qb1+ f5 18. g4 Ne7 19. gxf5 exf5 20. f4 Nd5 21. Qd3 Qd8 22. Kf2 g4 23. Rag1 Kh8 24. Bd2 Be6 25. Bc2 Rc8 26. Bb1 Ne7 27. Bb4 Re8 28. Rxg4 Bc4 29. Bxe7 Bxd3 30. Bxd8 fxg4 31. Bxd3 Rexd8 32. Rg1 Bf8 33. Rxg4 Bc5 34. Bf5 Rxd4 35. Nxd4 Bxd4+ 36. Kf3 Rc3+ 37. Ke4 Bb6 38. Rg6 Rc4+ 39. Kf3 Rc6 40. Rxc6 bxc6 41. Ke4 Kg7 42. Be6 Bd8 43. f5 Bg5 44. f6+ Kf8 45. Kf5 1-0

[Event "Titled Tuesday intern op 03rd Sep Early"]
[Site "Chess.com INT"]
[Date "2024.09.03"]
[Round "1"]
[White "Yurasov, Matfey"]
[Black "Metin, Enis"]
[Result "1-0"]
[WhiteElo "2285"]
[BlackElo "2030"]
[PlyCount "101"]
[EventDate "2024.09.03"]
[EventType "swiss (blitz)"]
[EventRounds "11"]
[EventCountry "USA"]
[SourceTitle "EXT 2025"]
[Source "ChessBase"]
[SourceDate "2024.10.14"]
[SourceVersion "1"]
[SourceVersionDate "2024.10.14"]
[SourceQuality "1"]

1. e4 d6 2. Nf3 Nf6 3. Nc3 Bg4 4. d4 e6 5. Be2 Be7 6. h3 Bh5 7. Be3 d5 8. e5 Nfd7 9. 0-0 0-0 10. Nd2 Bxe2 11. Qxe2 c5 12. dxc5 Nc6 13. Nf3 Ndxe5 14. Nxe5 Nxe5 15. Rad1 Nc4 16. Bd4 Bf6 17. b3 Na5 18. Nb5 Nc6 19. Bxf6 Qxf6 20. Nd6 Rab8 21. c4 d4 22. Qe4 e5 23. f4 exf4 24. Rxf4 Qe6 25. a3 a5 26. b4 axb4 27. axb4 Qxe4 28. Rxe4 Nxb4 29. Rexd4 Na6 30. Rd5 Rfd8 31. Nxb7 Rdc8 32. c6 g6 33. Rd8+ Kg7 34. Ra1 Rxd8 35. Nxd8 Rxd8 36. Rxa6 Rc8 37. Kf2 Kf6 38. Ke3 Ke5 39. Kd3 f5 40. Kc3 Kd6 41. Kd4 Rxc6 42. c5+ Kd7 43. Ra7+ Rc7 44. Rxc7+ Kxc7 45. Ke5 Kc6 46. Kf6 Kxc5 47. Kg7 Kd4 48. Kxh7 Ke3 49. Kxg6 Kf2 50. Kxf5 Kxg2 51. h4 1-0

[Event "Titled Tuesday intern op 03rd Sep Early"]
[Site "Chess.com INT"]
[Date "2024.09.03"]
[Round "3"]
[White "Yurasov, Matfey"]
[Black "Momunaliev, Ruslan"]
[Result "1-0"]
[WhiteElo "2285"]
[BlackElo "2019"]
[PlyCount "61"]
[EventDate "2024.09.03"]
[EventType "swiss (blitz)"]
[EventRounds "11"]
[EventCountry "USA"]
[SourceTitle "EXT 2025"]
[Source "ChessBase"]
[SourceDate "2024.10.14"]
[SourceVersion "1"]
[SourceVersionDate "2024.10.14"]
[SourceQuality "1"]

1. e4 c5 2. Nf3 e6 3. b3 Nf6 4. e5 Nd5 5. Bb2 Nc6 6. c4 Nc7 7. Nc3 d5 8. exd6 Bxd6 9. Ne4 f6 10. Nxd6+ Qxd6 11. d4 cxd4 12. Nxd4 Qb4+ 13. Qd2 Nxd4 14. Bxd4 Qxd2+ 15. Kxd2 e5 16. Bc5 Bf5 17. Kc3 0-0-0 18. Bxa7 Ne6 19. Be2 Nf4 20. Bf1 Be4 21. f3 Bc6 22. g3 Ne6 23. Bh3 Rhe8 24. Bb6 Rd6 25. Rhd1 Kd7 26. f4 exf4 27. gxf4 Bf3 28. Rxd6+ Kxd6 29. Re1 Bc6 30. c5+ Kd5 31. Bg2# 1-0

[Event "Titled Tuesday intern op 18th Jun Early"]
[Site "Chess.com INT"]
[Date "2024.06.18"]
[Round "5"]
[White "Devaev, Alexander"]
[Black "Yurasov, Matfey"]
[Result "0-1"]
[WhiteElo "2325"]
[BlackElo "2212"]
[PlyCount "82"]
[EventDate "2024.06.18"]
[EventType "swiss (blitz)"]
[EventRounds "11"]
[EventCountry "USA"]
[SourceTitle "EXT 2025"]
[Source "ChessBase"]
[SourceDate "2024.10.14"]
[SourceVersion "1"]
[SourceVersionDate "2024.10.14"]
[SourceQuality "1"]

1. d4 d5 2. c4 c6 3. Nc3 Nf6 4. Nf3 dxc4 5. a4 Bf5 6. e3 e6 7. Bxc4 Bb4 8. 0-0 0-0 9. Qb3 a5 10. Na2 Na6 11. Bd2 Bxd2 12. Nxd2 Qe7 13. f3 Rfd8 14. Rfd1 Bg6 15. Nf1 Nd5 16. Bxa6 Rxa6 17. e4 Rb6 18. Qc4 Nb4 19. Ne3 Nxa2 20. Rxa2 Rb4 21. Qc3 f6 22. b3 Bf7 23. Rad2 Qc7 24. d5 exd5 25. exd5 Qb6 26. dxc6 Rxd2 27. Qxd2 Qxc6 28. Qd8+ Qe8 29. Qxe8+ Bxe8 30. Nc4 Rxb3 31. Nxa5 Rb4 32. Rd5 b6 33. Nb7 Bxa4 34. Rd8+ Kf7 35. Rb8 Ke7 36. Nd8 Rb1+ 37. Kf2 Rb2+ 38. Kg3 Bb5 39. Rxb6 Kxd8 40. Rb7 g5 41. h4 Bf1 0-1

[Event "Titled Tuesday intern op 18th Jun Early"]
[Site "Chess.com INT"]
[Date "2024.06.18"]
[Round "8"]
[White "Yurasov, Matfey"]
[Black "Cardoso Cardoso, Jose Gabriel"]
[Result "0-1"]
[WhiteElo "2212"]
[BlackElo "2497"]
[PlyCount "162"]
[EventDate "2024.06.18"]
[EventType "swiss (blitz)"]
[EventRounds "11"]
[EventCountry "USA"]
[SourceTitle "EXT 2025"]
[Source "ChessBase"]
[SourceDate "2024.10.14"]
[SourceVersion "1"]
[SourceVersionDate "2024.10.14"]
[SourceQuality "1"]

1. e4 e5 2. Nf3 Nc6 3. Bc4 Bc5 4. 0-0 Nf6 5. d3 d6 6. h3 a6 7. c3 Ba7 8. d4 0-0 9. dxe5 Nxe5 10. Nxe5 dxe5 11. Qxd8 Rxd8 12. Nd2 b5 13. Bb3 c5 14. Nf3 Nxe4 15. Nxe5 c4 16. Bc2 Bb7 17. a4 f6 18. Nf3 Bc6 19. axb5 axb5 20. Nd4 Bxd4 21. Rxa8 Bxf2+ 22. Rxf2 Bxa8 23. Rf5 Bc6 24. Be3 Nd6 25. Rc5 Be8 26. Bd4 Bg6 27. Bd1 Be4 28. Kf2 Bd3 29. Bf3 h6 30. g4 Be4 31. Be2 Ba8 32. Ke1 Kf7 33. Be3 Rd7 34. Bf4 Be4 35. h4 g5 36. hxg5 hxg5 37. Bxd6 Rxd6 38. Rxb5 Bd3 39. Bf3 Ra6 40. Rc5 Ra2 41. Rb5 Ra1+ 42. Kf2 Rc1 43. Bc6 Kg6 44. Bd7 Rd1 45. Ke3 Rg1 46. Rb8 Re1+ 47. Kf2 Re2+ 48. Kf3 Rd2 49. Rd8 Kg7 50. Rb8 Be2+ 51. Ke3 Rxd7 52. Kxe2 Re7+ 53. Kf2 Rc7 54. Ke3 Kg6 55. Ke4 Re7+ 56. Kf3 Rc7 57. Rb6 Rc5 58. Ke4 Re5+ 59. Kf3 Rd5 60. Rb8 Rd3+ 61. Kf2 Rd2+ 62. Kf3 Rc2 63. Rb7 Rd2 64. Rb6 Kf7 65. Ke3 Rg2 66. Kf3 Rg1 67. Rb7+ Ke6 68. Rb6+ Ke5 69. Rb5+ Kd6 70. Rb6+ Kc5 71. Re6 Rb1 72. Re2 Kb5 73. Ke4 Rf1 74. Rd2 Rf4+ 75. Kd5 Rxg4 76. Re2 Rf4 77. Re8 g4 78. Rb8+ Ka4 79. Ra8+ Kb3 80. Rb8+ Kc2 81. Rg8 Kxb2 0-1

[Event "Titled Tuesday intern op 18th Jun Early"]
[Site "Chess.com INT"]
[Date "2024.06.18"]
[Round "6"]
[White "Yurasov, Matfey"]
[Black "Liu, Kelsey"]
[Result "1-0"]
[WhiteElo "2212"]
[BlackElo "1976"]
[PlyCount "47"]
[EventDate "2024.06.18"]
[EventType "swiss (blitz)"]
[EventRounds "11"]
[EventCountry "USA"]
[SourceTitle "EXT 2025"]
[Source "ChessBase"]
[SourceDate "2024.10.14"]
[SourceVersion "1"]
[SourceVersionDate "2024.10.14"]
[SourceQuality "1"]

1. e4 c5 2. Nf3 Nc6 3. Bb5 e5 4. 0-0 Bd6 5. c3 a6 6. Bxc6 dxc6 7. d4 exd4 8. cxd4 Bg4 9. e5 Bc7 10. h3 Bxf3 11. Qxf3 cxd4 12. Qg4 Bxe5 13. Re1 Ne7 14. Rxe5 0-0 15. Nd2 Ng6 16. Rh5 Re8 17. Nf3 Re2 18. Rxh7 d3 19. Bg5 Qb6 20. Rh5 Qxf2+ 21. Kh1 Rae8 22. Rd1 d2 23. Bxd2 Rd8 24. Kh2 1-0

[Event "Titled Tuesday intern op 04th Jun Early"]
[Site "Chess.com INT"]
[Date "2024.06.04"]
[Round "3"]
[White "Yurasov, Matfey"]
[Black "Bokros, Albert"]
[Result "1-0"]
[WhiteElo "2212"]
[BlackElo "2409"]
[PlyCount "59"]
[EventDate "2024.06.04"]
[EventType "swiss (blitz)"]
[EventRounds "11"]
[EventCountry "USA"]
[SourceTitle "EXT 2025"]
[Source "ChessBase"]
[SourceDate "2024.10.14"]
[SourceVersion "1"]
[SourceVersionDate "2024.10.14"]
[SourceQuality "1"]

1. e4 c5 2. Nf3 Nc6 3. Bb5 e6 4. 0-0 Nge7 5. c3 a6 6. Bxc6 Nxc6 7. d4 cxd4 8. cxd4 d5 9. exd5 exd5 10. Re1+ Be7 11. Bg5 0-0 12. Bxe7 Nxe7 13. Nc3 Bg4 14. h3 Bh5 15. Re5 Bg6 16. Qb3 f6 17. Ree1 b5 18. a4 Bd3 19. axb5 Bc4 20. Qb4 Nf5 21. b3 Bxb5 22. Nxb5 axb5 23. Qxb5 Rxa1 24. Rxa1 Re8 25. Ra7 h5 26. Rd7 Qa8 27. Rxd5 Ne7 28. Rd7 Qa1+ 29. Kh2 Kh7 30. Qxh5+ 1-0

[Event "Titled Tuesday intern op 04th Jun Early"]
[Site "Chess.com INT"]
[Date "2024.06.04"]
[Round "6"]
[White "Yurasov, Matfey"]
[Black "Samunenkov, Igor"]
[Result "0-1"]
[WhiteElo "2212"]
[BlackElo "2532"]
[PlyCount "94"]
[EventDate "2024.06.04"]
[EventType "swiss (blitz)"]
[EventRounds "11"]
[EventCountry "USA"]
[SourceTitle "EXT 2025"]
[Source "ChessBase"]
[SourceDate "2024.10.14"]
[SourceVersion "1"]
[SourceVersionDate "2024.10.14"]
[SourceQuality "1"]

1. e4 c6 2. Nf3 d5 3. Nc3 dxe4 4. Nxe4 Nf6 5. Nxf6+ exf6 6. d4 Bd6 7. Bd3 0-0 8. 0-0 Re8 9. c3 Bg4 10. h3 Bh5 11. Be3 Nd7 12. Re1 Qc7 13. c4 b6 14. Be2 f5 15. Nh4 Bxe2 16. Rxe2 g6 17. Nf3 Nf6 18. Rc1 Rad8 19. Qd3 Bf8 20. Rce1 Bg7 21. Qc2 Ne4 22. Rd1 h6 23. d5 cxd5 24. cxd5 Qxc2 25. Rxc2 f4 26. Bxf4 g5 27. Be3 Rd7 28. Rc4 f5 29. Rc6 Red8 30. h4 f4 31. Bc1 Rxd5 32. Rxd5 Rxd5 33. hxg5 hxg5 34. Kf1 Nc5 35. Ke2 Kh7 36. b3 Nd3 37. Ba3 Nc5 38. Nd2 Ne6 39. Rxe6 Ra5 40. Bb4 Rxa2 41. Re7 Kg6 42. Re6+ Kf5 43. Rc6 a5 44. Bd6 Bd4 45. Kd3 Bxf2 46. Nc4 b5 47. Nd2 Be3 0-1

[Event "Titled Tuesday intern op 04th Jun Early"]
[Site "Chess.com INT"]
[Date "2024.06.04"]
[Round "5"]
[White "Yurasov, Matfey"]
[Black "Sheehan, Ethan"]
[Result "1-0"]
[WhiteElo "2212"]
[BlackElo "2311"]
[PlyCount "133"]
[EventDate "2024.06.04"]
[EventType "swiss (blitz)"]
[EventRounds "11"]
[EventCountry "USA"]
[SourceTitle "EXT 2025"]
[Source "ChessBase"]
[SourceDate "2024.10.14"]
[SourceVersion "1"]
[SourceVersionDate "2024.10.14"]
[SourceQuality "1"]

1. e4 e5 2. Nf3 Nc6 3. Bc4 Nf6 4. d3 Bc5 5. 0-0 a6 6. h3 d6 7. c3 Ba7 8. d4 0-0 9. Re1 h6 10. dxe5 Nxe5 11. Nxe5 dxe5 12. Qf3 Qe7 13. Nd2 Rd8 14. Nf1 Be6 15. Bxe6 Qxe6 16. Ng3 Rd7 17. Nf5 Kh7 18. Qg3 Rg8 19. Qh4 Ne8 20. Be3 Bxe3 21. Rxe3 Nd6 22. Rae1 Rgd8 23. Qg4 g6 24. Nxd6 Qxg4 25. hxg4 Rxd6 26. R3e2 Kg7 27. f3 c5 28. Kf2 b5 29. g3 c4 30. f4 Rd3 31. Kg2 a5 32. Rc1 Kf6 33. Kf2 Rd2 34. a4 bxa4 35. Ra1 Rxe2+ 36. Kxe2 Rb8 37. Rxa4 Rxb2+ 38. Ke3 Rc2 39. Rxc4 Ra2 40. Rc6+ Kg7 41. fxe5 a4 42. Rc7 Kf8 43. Ra7 a3 44. Kd4 Ra1 45. Kc5 a2 46. c4 Ke8 47. Kc6 Rc1 48. Rxa2 Rxc4+ 49. Kd5 Rc3 50. e6 Rxg3 51. Ra8+ Ke7 52. Ra7+ Kf8 53. Rxf7+ Ke8 54. Kd6 Rd3+ 55. Ke5 Ra3 56. Rh7 h5 57. gxh5 gxh5 58. Kd4 Ra6 59. Ke5 Ra5+ 60. Kf6 Kd8 61. Rh8+ Kc7 62. e7 Ra6+ 63. Kf7 Kb6 64. e8Q Kc5 65. Qe5+ Kb4 66. Rb8+ Ka4 67. Qa1# 1-0

[Event "Titled Tuesday intern op 04th Jun Early"]
[Site "Chess.com INT"]
[Date "2024.06.04"]
[Round "1"]
[White "Yurasov, Matfey"]
[Black "Smirnova, Polina A"]
[Result "1-0"]
[WhiteElo "2212"]
[BlackElo "1938"]
[PlyCount "101"]
[EventDate "2024.06.04"]
[EventType "swiss (blitz)"]
[EventRounds "11"]
[EventCountry "USA"]
[SourceTitle "EXT 2025"]
[Source "ChessBase"]
[SourceDate "2024.10.14"]
[SourceVersion "1"]
[SourceVersionDate "2024.10.14"]
[SourceQuality "1"]

1. e4 c6 2. Nf3 d5 3. Nc3 dxe4 4. Nxe4 Nf6 5. Nxf6+ exf6 6. d4 Bd6 7. Bd3 0-0 8. 0-0 Bg4 9. h3 Bh5 10. c3 Bc7 11. Be2 Qd6 12. g3 Qd8 13. Nh4 Bg6 14. Nxg6 hxg6 15. Bd3 f5 16. Qf3 Nd7 17. h4 Nf6 18. Bg5 Qd6 19. Rfe1 Rae8 20. Kg2 Nh5 21. Bc4 Nf6 22. Bd3 Rxe1 23. Rxe1 Re8 24. Rxe8+ Nxe8 25. h5 gxh5 26. Qxf5 Qd5+ 27. Qxd5 cxd5 28. Be2 f6 29. Be3 Bd6 30. Bxh5 Nc7 31. Bf3 Kf7 32. Kf1 Ke6 33. Ke2 f5 34. Kd3 b5 35. b3 Kf6 36. c4 bxc4+ 37. bxc4 dxc4+ 38. Kxc4 g5 39. d5 f4 40. Bd4+ Ke7 41. gxf4 gxf4 42. Bxa7 Kd8 43. a4 Ne8 44. a5 Kc7 45. a6 Nf6 46. Kb5 Nd7 47. Bg4 Ne5 48. Bb6+ Kb8 49. a7+ Kb7 50. Bc8+ Ka8 51. Ka6 1-0

[Event "Titled Tuesday intern op 28th May Late"]
[Site "Chess.com INT"]
[Date "2024.05.28"]
[Round "3"]
[White "Aalto, Patrik"]
[Black "Yurasov, Matfey"]
[Result "1-0"]
[WhiteElo "2286"]
[BlackElo "2184"]
[PlyCount "75"]
[EventDate "2024.05.28"]
[EventType "swiss (blitz)"]
[EventRounds "11"]
[EventCountry "USA"]
[SourceTitle "EXT 2025"]
[Source "ChessBase"]
[SourceDate "2024.10.14"]
[SourceVersion "1"]
[SourceVersionDate "2024.10.14"]
[SourceQuality "1"]

1. c4 c6 2. Nf3 Nf6 3. d4 d5 4. e3 Bf5 5. Qb3 Qb6 6. Nc3 e6 7. Bd2 Na6 8. Be2 Qxb3 9. axb3 Bc2 10. Bd1 Nb4 11. 0-0 Bd3 12. Be2 Bc2 13. Bd1 Bf5 14. Ne5 Nd7 15. Nxd7 Kxd7 16. f3 Bd3 17. Be2 Be7 18. e4 Bf6 19. e5 Bd8 20. Bxd3 Nxd3 21. Ra2 c5 22. dxc5 Nxc5 23. cxd5 Nxb3 24. Be3 Bb6 25. Bxb6 axb6 26. Rxa8 Rxa8 27. Rd1 exd5 28. Nxd5 Kc6 29. Ne7+ Kc5 30. Nf5 Ra2 31. Nxg7 Rxb2 32. Rd7 Nd4 33. Rxf7 Kc6 34. e6 Rb1+ 35. Kf2 Rb2+ 36. Ke3 Nc2+ 37. Kf4 Rb4+ 38. Kg5 1-0